State Quiz - Piauí - Statistics

General Stats
  • This quiz has been taken 26 times
  • The average score is 11 of 15
Answer Stats
Hint Answer % Correct
States that border Piauí Ceará
95%
States that border Piauí Maranhão
91%
States that border Piauí Pernambuco
91%
State capital Teresina
91%
States that border Piauí Bahia
86%
National park and UNESCO site known for prehistoric rock paintings Serra da {Capivara}
86%
States that border Piauí Tocantins
86%
Previously the most subscribed Brazilian YouTuber, born in Piauí Whindersson {Nunes}
86%
River on the western border, and second largest city Parnaíba
73%
Third largest city—"peaks" Picos
73%
Largest race, making up 64.8% of Piauíenses Pardo
55%
Piauí has the shortest _______ of any Brazilian state that has one, at 66km Coastline
50%
The two ecological regions that make up Piauí The {Caatinga}
41%
The two ecological regions that make up Piauí The {Cerrado}
41%
Top agricultural export of Piauí Soybeans
36%
No matching quizzes found
Score Distribution
Percent of People with Each Score
Percentile by Number Answered
Your Score History
You have not taken this quiz